Palma de aceite en México (Registro nro. 165101)
[ vista simple ]
| 000 -LEADER | |
|---|---|
| fixed length control field | 02179nam a22002657a 4500 |
| 007 - PHYSICAL DESCRIPTION FIXED FIELD--GENERAL INFORMATION | |
| fixed length control field | cr|||| |||| |
| 008 - FIXED-LENGTH DATA ELEMENTS--GENERAL INFORMATION | |
| fixed length control field | 170827s2014 mx |||||s||||f00||0 spa d |
| 020 ## - INTERNATIONAL STANDARD BOOK NUMBER | |
| International Standard Book Number | 978-607-9423-57-5 |
| 035 ## - | |
| -- | 20448 |
| 040 ## - CATALOGING SOURCE | |
| Original cataloging agency | vLex |
| 090 ## - | |
| -- | 6854 |
| -- | 6854 |
| 100 1# - MAIN ENTRY--PERSONAL NAME | |
| Personal name | Mata García, Bernardino |
| 245 10 - TITLE STATEMENT | |
| Title | Palma de aceite en México |
| Medium | [Recurso electrónico] : |
| Remainder of title | Política gubernamental e innovación tecnológica / |
| Statement of responsibility, etc | Bernardino Mata García |
| 256 ## - | |
| -- | Servicio en línea |
| 260 ## - PUBLICATION, DISTRIBUTION, ETC. (IMPRINT) | |
| Place of publication, distribution, etc | Ciudad de México: |
| Name of publisher, distributor, etc | Cámara de Diputados, |
| Date of publication, distribution, etc | 2014 |
| 300 ## - PHYSICAL DESCRIPTION | |
| Extent | 1 recurso electrónico |
| 500 ## - GENERAL NOTE | |
| General note | El creciente déficit de productos oleaginosos que afronta México impone al país la necesidad de importar millones de toneladas de aceite vegetal al año para el consumo alimenticio y la industria, con la consecuente fuga de divisas, situación por la cual se han puesto en marcha políticas estatales de fomento e innovación tecnológica para el cultivo de palma de aceite. Estudios e investigaciones de los últimos tres años con pequeños y medianos productores, particularmente en los estados de Veracruz, Tabasco y Chiapas, muestran la posibilidad de trabajar hacia la promoción y el fomento de una cultura agrícola innovadora que contribuya al establecimiento de la palmicultura sustentable, que implica generar una política pública orientada a dar preferencia y prioridad al aprovechamiento del aceite de palma como comestible. Esta obra pretende contribuir en el propósito de fomentar este cultivo prometedor para la agricultura del sureste de México. |
| 506 1# - RESTRICTIONS ON ACCESS NOTE | |
| Terms governing access | Disponible solo en los productos indicados |
| Authorized users | vLex Global |
| -- | vLex Global (Academic Edition, excluding Law Schools) |
| -- | vLex Global (U.S. Academic Edition, Law Schools) |
| -- | vLex Global (U.S. Academic Edition, excluding Law Schools) |
| -- | vLex Global (Academic Edition, Law Schools) |
| 650 04 - SUBJECT ADDED ENTRY--TOPICAL TERM | |
| Topical term or geographic name as entry element | Derecho Mercantil y de la Empresa |
| Geographic subdivision | México |
| 650 04 - SUBJECT ADDED ENTRY--TOPICAL TERM | |
| Topical term or geographic name as entry element | Derecho Público y Administrativo |
| Geographic subdivision | México |
| 740 0# - | |
| -- | vLex Libros (Servicio en línea) |
| 856 40 - LOCALIZACIÓN Y ACCESO ELECTRÓNICO | |
| Identificador Uniforme del Recurso (URI/URL) | https://app.vlex.com/#/sources/palma-de-aceite-en-mexico-politica-gubernamental-e-innovacion-tecnologica-20448 |
| 942 ## - | |
| -- | RAA |
| 999 ## - | |
| -- | 165101 |
| -- | 165101 |
No hay ítems disponibles.